000 00611nam a2200229Ia 4500
003 OSt
005 20220923213933.0
006 a|||||r|||| 00| 0
007 ta
008 220922b |||||||| |||| 00| 0 hin d
024 _a165,690
037 _cTextual
040 _aARTS
_cARTS
_bhin
041 _2hin
_ahin
082 _aO152:1J32:11:9, H9
100 _aरजनीकान्त
245 0 _aमानस मीमासा
246 _aMānas mīmāsā
260 _c1949
942 _hO152:1J32:11:9, H9
_cTEXL
_2CC
999 _c320169
_d320169